000
00321nam a22001457a 4500
008
221104b ||||| |||| 00| 0 eng d
020
_a
978168036314285177416
041
_a
eng
080
_2
2e
_a
004
082
_a
004
100
_a
19
101
_a
shk
245
_a
WRITING IN THE CORE
_c
ANGLESEY C
942
_2
udc
_c
BK
999
_c
58726
_d
58726